| 000 | 01658nam0a2200349 i 4500 | ||
|---|---|---|---|
| 001 | RU\NLR\bibl\1975562 | ||
| 005 | 20241104063830.0 | ||
| 021 |
_aRU _b2012-89832 _96640 |
||
| 035 | _a(nilc)RSL-KNO-005572498 | ||
| 035 | _a(NLR Aleph) 001964336 | ||
| 090 |
_a3868749 _c3868749 |
||
| 100 | _a20121128d2012 u y0rusy50 ca | ||
| 101 | 0 | _arus | |
| 102 | _aRU | ||
| 105 | _aa ||||||||| | ||
| 200 | 1 |
_aПрограммирование на C# _eучебное пособие _fЕ.А. Ганцева _gФГБОУ ВПО "Воронеж. гос. техн. ун-т" |
|
| 210 |
_aВоронеж _cВоронежский государственный технический университет _d2012 |
||
| 215 |
_a135 с. _cил., табл. _d21 |
||
| 320 | _aБиблиогр.: с. 134 (10 назв.) | ||
| 606 |
_aC#, язык программирования _jУчебные издания для высших учебных заведений _92206739 _3RU\NLR\auth\661325801 |
||
| 606 |
_aMICROSOFT VISUAL STUDIO .NET, система программирования _jУчебные издания для высших учебных заведений _92275253 _3RU\NLR\auth\661363530 |
||
| 610 | 0 | _aсреда программирования Visual Studio .NET | |
| 686 |
_aЗ973.2-018.19C#я73-1 _2rubbk |
||
| 686 | _aЗ973.23-018.1я73-1 | ||
| 700 | 1 |
_aГанцева _bЕ. А. _gЕкатерина Александровна _4070 |
|
| 801 | 0 |
_aRU _bRuMoRKP _c20121128 _grcr |
|
| 801 | 1 |
_aRU _bРГБ _c20121128 |
|
| 801 | 2 |
_aRU _bNLR _c20121205 _grcr |
|
| 830 | _aавт. раскрыт по кн. | ||
| 942 | _cBOOK | ||
| 980 | _aNBR | ||